1194 1587 1400 1342 1082 1510 1379 1660 1840 1364 1811 1481 1593 1542 1732 1188 1211 1715 1014 1262 1656 1495 1695 1356 1322 1229 1654 1152 1447 1817 1818 1105 1780 1641 1877 1892 1675 1568 1541 1905 1644 1996 1845 1544 1842 1471 1365 1688 1396 1940 1232 1805 1216 1276 1295 1621 1314 1236 1764 1450 1140 1264 1496 1651 1281 1164 1421 1420 1342 1396 1877 1577 1634 1349 1593 1003 1721 1240 1220 1108 1481 1015 1243 1539 1131 1222 1952 1199 1613 1984 1348 1940 1254 1285 1069 1977 1668 1453 1427 BCNSPRNW ULIB Ver.6.0+V

เปลี่ยนเป็นภาษาไทย

Change to English
 แสดงรายละเอียดบรรณานุกรม
  กลับหน้าหลัก

Brief Record : Get Marc (ISO 2709) : E-mail record : QR code < ปิดหน้าต่าง
LEADER : 00000nam 2200000uu 4500
001    13399123791
003     ULIB
008    141128s2553||||th 000 0 tha d
024    9789742531065
099    ^aนว.^bน472จ
100 0  ^aนายา
245 00 ^aจากฟ้าแดนไกล^cนายา
250    ^aพิมพ์ครั้งที่ 2
260    ^aกรุงเทพฯ :^bเพื่อนดี,^c2553
300    ^a541 หน้า
945    ^p360^l0^i036363
999    ^aเกษร โพธิ์สุวรรณ
รายการนี้ยังไม่มีแท็ก
คุณยังไม่ได้ล็อกอิน คุณสามารถมีกิจกรรมร่วมกับเว็บไซต์ได้ แต่ต้องล็อกอินก่อน ::
  ล็อกอิน

รายการสื่อสารสนเทศ

ลำดับที่ ประเภท เลขเรียก/บาร์โค้ด สถานที่ สถานะ
1. นวนิยาย
นวนิยาย
นว. น472จ ฉ.1 
  Barcode: 036363
ห้องสมุดวิทยาเขตนครสวรรค์
►นวนิยาย:l:Fiction
ถูกยืม กำหนดส่งวันที่ 26 ธันวาคม 2559
  จอง
Note:อภินันทนาการโดย อาจารย์จุฑารัตน์ สว่างชัย

รายการใกล้เคียง
    ผู้แต่ง [นายา]

BibComment


ยังไม่เคยถูกคอมเมนท์

คอมเมนท์ทรัพยากรรายการนี้
  คอมเมนท์: จากฟ้าแดนไกล นายา


 Copyright 2026. Bcnsprnw @Library